[Event "Olympiad-39"]
[Site "Khanty-Mansiysk"]
[Date "2010.09.23"]
[Round "3.1"]
[White "Olape, Bunmi"]
[Black "Perera, WCC"]
[Result "0-1"]
[WhiteElo "2256"]
[BlackElo "2016"]
[PlyCount "102"]
[EventDate "2010.09.21"]
[EventType "team-swiss"]
[EventRounds "11"]
[EventCountry "RUS"]
[SourceTitle "CBM 139"]
[Source "ChessBase"]
[SourceDate "2010.11.18"]
[SourceVersion "1"]
[SourceVersionDate "2010.11.18"]
[SourceQuality "1"]
[WhiteTeam "Nigeria"]
[BlackTeam "Sri Lanka"]
[WhiteTeamCountry "NGR"]
[BlackTeamCountry "SRI"]

1. e4 d6 2. d4 Nf6 3. Nc3 g6 4. Nf3 Bg7 5. Bc4 0-0 6. Qe2 c6 7. Bb3 Bg4 8. h3 Bxf3 9. Qxf3 e5 10. Be3 Nbd7 11. 0-0-0 Qc7 12. g4 b5 13. h4 a5 14. a4 exd4 15. Bxd4 b4 16. Ne2 c5 17. Bxf6 Nxf6 18. g5 Nh5 19. Bd5 Rad8 20. Ng3 Qe7 21. Nxh5 gxh5 22. Qf5 Qe5 23. Qxe5 Bxe5 24. Rhf1 Bf4+ 25. Kb1 Kg7 26. Rd3 f6 27. gxf6+ Rxf6 28. c3 bxc3 29. bxc3 Rdf8 30. Kc2 Be5 31. f3 Rf4 32. Kb3 Rxh4 33. Kc4 Rb8 34. f4 Rxf4 35. Rxf4 Bxf4 36. Rf3 Be5 37. Rf7+ Kg6 38. Ra7 h4 39. Be6 h5 40. Rxa5 Rb1 41. Rb5 Ra1 42. a5 Ra3 43. Rb3 Rxa5 44. Kd5 Kg5 45. Rb7 Ra3 46. Rb8 Rxc3 47. Rg8+ Kf4 48. Rf8+ Kg3 49. Rg8+ Kf2 50. Rg5 h3 51. Rxh5 h2 0-1

[Event "Olympiad-39"]
[Site "Khanty-Mansiysk"]
[Date "2010.09.22"]
[Round "2.1"]
[White "Perera, WCC"]
[Black "Michiels, Bart"]
[Result "0-1"]
[WhiteElo "2016"]
[BlackElo "2459"]
[PlyCount "110"]
[EventDate "2010.09.21"]
[EventType "team-swiss"]
[EventRounds "11"]
[EventCountry "RUS"]
[SourceTitle "CBM 139"]
[Source "ChessBase"]
[SourceDate "2010.11.18"]
[SourceVersion "1"]
[SourceVersionDate "2010.11.18"]
[SourceQuality "1"]
[WhiteTeam "Sri Lanka"]
[BlackTeam "Belgium"]
[WhiteTeamCountry "SRI"]
[BlackTeamCountry "BEL"]

1. e4 c5 2. Nf3 Nc6 3. d4 cxd4 4. Nxd4 e6 5. c4 Nf6 6. Nc3 Bb4 7. Nxc6 bxc6 8. Bd3 e5 9. 0-0 Bc5 10. Rb1 d6 11. b4 Bb6 12. Bg5 0-0 13. Qf3 h6 14. Bxf6 Qxf6 15. Qxf6 gxf6 16. Rfd1 Be6 17. b5 Rfc8 18. bxc6 Rxc6 19. Nd5 Bxd5 20. exd5 Rc5 21. Rdc1 Rac8 22. Rc2 Ra5 23. g4 Rcc5 24. h3 Ra4 25. Rb5 Rxb5 26. cxb5 Rd4 27. Bc4 Kg7 28. Kg2 f5 29. gxf5 Kf6 30. Bb3 Bc5 31. Rc4 Rd2 32. Rc2 Rd4 33. Rc3 Rd2 34. Rc2 Rd3 35. Rc1 h5 36. Rd1 Rc3 37. Rd2 Kxf5 38. Bd1 Kg5 39. a4 Ra3 40. f3 Ra1 41. Bc2 h4 42. Bb3 Kf4 43. Rc2 Rg1+ 44. Kh2 Rf1 45. a5 Rxf3 46. Bc4 Rf2+ 47. Rxf2+ Bxf2 48. Kg2 Bc5 49. Be2 f5 50. Bh5 Ke3 51. Kf1 f4 52. Bg6 f3 53. Bf5 e4 54. Bg6 Kf4 55. Bh7 e3 0-1

[Event "Wch U14"]
[Site "Vung Tau"]
[Date "2008.10.30"]
[Round "11"]
[White "Perera, WCC"]
[Black "Franklin, Samuel Gideon"]
[Result "1/2-1/2"]
[WhiteElo "1930"]
[BlackElo "2156"]
[PlyCount "47"]
[EventDate "2008.10.20"]
[EventType "swiss"]
[EventRounds "11"]
[EventCountry "VIE"]
[SourceTitle "EXT 2009"]
[Source "ChessBase"]
[SourceDate "2008.11.26"]
[SourceVersion "1"]
[SourceVersionDate "2008.11.26"]
[SourceQuality "1"]

1. e4 c5 2. Nf3 d6 3. d4 cxd4 4. Nxd4 Nf6 5. Nc3 g6 6. Be3 Bg7 7. f3 Nc6 8. Qd2 0-0 9. Bc4 Bd7 10. 0-0-0 Rb8 11. Bb3 Na5 12. h4 b5 13. h5 Nc4 14. Bxc4 bxc4 15. Bh6 Qb6 16. b3 Bxh6 17. Qxh6 Qa5 18. Nd5 Nxd5 19. exd5 Qa3+ 20. Kd2 Qb2 21. Ke1 Bf5 22. g4 Qc3+ 23. Rd2 Qa1+ 24. Rd1 1/2-1/2

[Event "Wch U14"]
[Site "Vung Tau"]
[Date "2008.10.27"]
[Round "8"]
[White "Nakauchi, Gene"]
[Black "Perera, WCC"]
[Result "1-0"]
[WhiteElo "2104"]
[BlackElo "1930"]
[PlyCount "103"]
[EventDate "2008.10.20"]
[EventType "swiss"]
[EventRounds "11"]
[EventCountry "VIE"]
[SourceTitle "EXT 2009"]
[Source "ChessBase"]
[SourceDate "2008.11.26"]
[SourceVersion "1"]
[SourceVersionDate "2008.11.26"]
[SourceQuality "1"]

1. d4 d5 2. c4 e6 3. Nc3 c5 4. cxd5 exd5 5. Nf3 Nc6 6. g3 Nf6 7. Bg2 Be7 8. 0-0 0-0 9. dxc5 Bxc5 10. Bg5 d4 11. Ne4 Be7 12. Bxf6 Bxf6 13. Ne1 Re8 14. Nd3 Bf5 15. Nec5 Qe7 16. Re1 Bxd3 17. Nxd3 Nb4 18. Qb3 Nxd3 19. exd3 Qxe1+ 20. Rxe1 Rxe1+ 21. Bf1 b6 22. Qd5 Rae8 23. Kg2 h6 24. Qd7 g6 25. Qxa7 Ra1 26. Qxb6 Kg7 27. a4 Ree1 28. a5 Rxf1 29. a6 Rg1+ 30. Kf3 Ra4 31. b4 Rb1 32. b5 Bd8 33. Qb7 Ra5 34. a7 Rba1 35. Qb8 Rxa7 36. Qxd8 R1a5 37. b6 Rb7 38. Qd6 Ra6 39. Qxd4+ Kh7 40. Qc4 Raxb6 41. d4 Rd6 42. d5 Rbd7 43. Ke4 Re7+ 44. Kd4 f5 45. Qc5 Red7 46. Ke5 Rxd5+ 47. Qxd5 Rxd5+ 48. Kxd5 g5 49. f4 Kg7 50. Ke5 Kg6 51. Ke6 h5 52. h4 1-0